GBA Games - Statistics

General Stats
  • This quiz has been taken 28 times
    25 since last reset
  • The average score is 13 of 21
Answer Stats
Picture Answer % Correct
Donkey Kong Country
88%
Donkey Kong Country 2
81%
Donkey Kong Country 3
81%
Mario Golf
81%
Mario Tennis
81%
Mario Vs Donkey Kong
75%
Yoshis island
75%
Dr Mario And Puzzle League
69%
Mario And Luigi Superstar Saga
69%
Mario Kart Super Circuit
69%
Super Mario Bros 2
69%
Super Mario World
69%
Super Mario Bros 3
63%
Warioland 4
63%
Game And Watch Gallery 4
50%
Mario Party Advance
44%
WarioWare Inc
44%
WarioWare Twisted
38%
DK King of Swing
25%
Marios Pinball Land
19%
Yoshi Topsy Turvy
19%
No matching quizzes found
Score Distribution
Percent of People with Each Score
Percentile by Number Answered
Your Score History
You have not taken this quiz since the last reset